[Event "Forchheim op 10th"]
[Site "Forchheim"]
[Date "2011.10.09"]
[Round "4"]
[White "Schroeder, Harald"]
[Black "Glawe, Ralf"]
[Result "0-1"]
[WhiteElo "1569"]
[BlackElo "1980"]
[PlyCount "102"]
[EventDate "2011.10.07"]
[EventType "swiss"]
[EventRounds "5"]
[EventCountry "GER"]
[SourceTitle "CBM 144 Extra"]
[Source "ChessBase"]
[SourceDate "2011.10.28"]
[SourceVersion "1"]
[SourceVersionDate "2011.10.28"]
[SourceQuality "1"]

1. e4 c5 2. f4 d5 3. Bb5+ Bd7 4. Bxd7+ Qxd7 5. e5 Nc6 6. Nf3 e6 7. 0-0 Nh6 8. h3 Nf5 9. c3 d4 10. c4 d3 11. Qb3 Ng3 12. Re1 Ne2+ 13. Rxe2 dxe2 14. Kf2 0-0-0 15. Kxe2 Nb4 16. d4 cxd4 17. a3 Nc2 18. Ra2 d3+ 19. Kf1 Nd4 20. Qd1 Nf5 21. b4 Qc6 22. Qb3 Kb8 23. Nc3 Be7 24. Kf2 Bh4+ 25. Kg1 Be7 26. Kf2 Bh4+ 27. Kg1 Nd4 28. Nxd4 Rxd4 29. c5 Rhd8 30. Be3 d2 31. Bxd4 Rxd4 32. Nd1 Qe4 33. Qf3 Qxf3 34. gxf3 Bg3 35. Kf1 Bxf4 36. Ke2 Bxe5 37. Rxd2 Kc7 38. Rxd4 Bxd4 39. Kd3 e5 40. Nc3 Bxc3 41. Kxc3 Kc6 42. Kc4 a6 43. a4 f6 44. b5+ Kc7 45. Kd5 Kd7 46. c6+ bxc6+ 47. bxc6+ Kc7 48. a5 h6 49. h4 h5 50. Ke6 g5 51. Kf5 gxh4 0-1

[Event "Forchheim op 10th"]
[Site "Forchheim"]
[Date "2011.10.08"]
[Round "2"]
[White "Diller, Daniel"]
[Black "Schroeder, Harald"]
[Result "1/2-1/2"]
[WhiteElo "1792"]
[BlackElo "1569"]
[PlyCount "60"]
[EventDate "2011.10.07"]
[EventType "swiss"]
[EventRounds "5"]
[EventCountry "GER"]
[SourceTitle "CBM 144 Extra"]
[Source "ChessBase"]
[SourceDate "2011.10.28"]
[SourceVersion "1"]
[SourceVersionDate "2011.10.28"]
[SourceQuality "1"]

1. c4 e5 2. g3 f5 3. d4 e4 4. Nc3 Bb4 5. Nh3 Nf6 6. Bg5 0-0 7. Nf4 Bxc3+ 8. bxc3 h6 9. Bxf6 Qxf6 10. e3 c6 11. h4 Na6 12. c5 Nc7 13. Qb3+ Kh7 14. h5 d5 15. cxd6 Qxd6 16. a4 b6 17. Bc4 b5 18. axb5 cxb5 19. Bd5 Nxd5 20. Qxd5 Qxd5 21. Nxd5 Rf7 22. Kd2 Be6 23. Nf4 Bc4 24. Ra5 Kg8 25. Rha1 Rb7 26. Rb1 a6 27. Rba1 Rb6 28. Kc2 Bf7 29. Rb1 Rc8 30. Kd2 Ra8 1/2-1/2